KOHA-Header-6

Essentials Business Communication (Record no. 2612)

000 -LEADER
fixed length control field 00346nam a22001337a 4500
020 ## - INTERNATIONAL STANDARD BOOK NUMBER
ISBN 978-1285858913
082 ## - DEWEY DECIMAL CLASSIFICATION NUMBER
Classification number 808.06
100 ## - MAIN ENTRY--AUTHOR NAME
Personal name Guffey Ellen Mary
245 ## - TITLE STATEMENT
Title Essentials Business Communication
Remainder of title Essentials Business Communication
250 ## - EDITION STATEMENT
Edition statement 7th
260 ## - PUBLICATION, DISTRIBUTION, ETC. (IMPRINT)
Place of publication Karachi
Name of publisher Dogar Books Urdu Bazar
Year of publication 2008
300 ## - PHYSICAL DESCRIPTION
Number of Pages 560:p
942 ## - ADDED ENTRY ELEMENTS (KOHA)
Koha item type Books
Holdings
Withdrawn status Lost status Collection code Permanent Location Current Location Shelving location Date acquired Full call number Accession Number Koha item type
    Business MAJU MAJU   2019-08-31 808.666 6495 Business

Powered by Koha